Mixed Word: Anagram Countries Quiz Stats

 Plays Quiz Updated Apr 15, 2014

     
Support Sporcle.
Go Orange.
Score 0/20 Timer 03:00
0 Plays Today
Anagrammed Country Country % Correct
CAR FENFrance
80.6%
I AM BAGGambia
71.7%
WAD RANRwanda
66.3%
DARN LIEIreland
62.1%
I REGAINNigeria
54.2%
NEON LABLebanon
53.2%
A LAD HINTThailand
49.6%
GAIL MOONMongolia
47.7%
DARE NAGGrenada
46.9%
AID AURA BIASSaudi Arabia
43.1%
Anagrammed Country Country % Correct
A PAN SKITPakistan
42.2%
AS A RITUALAustralia
37.3%
A RUG PLOTPortugal
34.8%
NEAT GRAINArgentina
33.8%
TEN HARD LENSNetherlands
32%
I AM NEARArmenia
31.9%
BUSIES IGUANAGuinea-Bissau
25.4%
IRON PAGESSingapore
17.1%
RATHER NOOKNorth Korea
16%
SILENCE THE TINLiechtenstein
11.7%

From the Vault

Sequence: A Harmless Little Logic Puzzle

by BanjoZebra

Enter the wrong sequence, and your number is up.
Remove Ads.
Support Sporcle.
Get the best of Sporcle when you Go Orange. This ad-free experience offers more features, more stats, and more fun while also helping to support Sporcle. Thank you for becoming a member.

Show Comments

Extras

Top Quizzes Today


Score Distribution

Your Account Isn't Verified!

In order to create a playlist on Sporcle, you need to verify the email address you used during registration. Go to your Sporcle Settings to finish the process.

Report this User

Report this user for behavior that violates our Community Guidelines.

Details: